<?xml version="1.0" encoding="UTF-8"?>
<marc:record xmlns:marc="http://www.loc.gov/MARC21/slim">
   <marc:leader>00000nam a2200000 a 4500</marc:leader>
   <marc:datafield ind1="1" ind2=" " tag="100">
      <marc:subfield code="a">Hula, Saskia  [VerfasserIn]</marc:subfield>
      <marc:subfield code="4">aut</marc:subfield>
      <marc:subfield code="e">Verfasser/-in</marc:subfield>
   </marc:datafield>
   <marc:datafield ind1=" " ind2=" " tag="653">
      <marc:subfield code="a">Bilderbuch</marc:subfield>
   </marc:datafield>
   <marc:datafield ind1=" " ind2=" " tag="653">
      <marc:subfield code="a">Kinderbande</marc:subfield>
   </marc:datafield>
   <marc:datafield ind1=" " ind2=" " tag="653">
      <marc:subfield code="a">DDB</marc:subfield>
   </marc:datafield>
   <marc:datafield ind1="0" ind2="0" tag="245">
      <marc:subfield code="a">Die beste Bande der Welt</marc:subfield>
   </marc:datafield>
   <marc:datafield ind1="0" ind2="0" tag="245">
      <marc:subfield code="b">Klasse 2</marc:subfield>
   </marc:datafield>
   <marc:datafield ind1="0" ind2="0" tag="245">
      <marc:subfield code="c">Saskia Hula. Illustriert von Hattenhauer, Ina</marc:subfield>
   </marc:datafield>
   <marc:datafield ind1=" " ind2="1" tag="264">
      <marc:subfield code="a">Wien</marc:subfield>
      <marc:subfield code="b">Nilpferd</marc:subfield>
      <marc:subfield code="c">2015</marc:subfield>
   </marc:datafield>
   <marc:datafield ind1=" " ind2=" " tag="250">
      <marc:subfield code="a">5. Auflage</marc:subfield>
   </marc:datafield>
   <marc:datafield ind1="1" ind2=" " tag="520">
      <marc:subfield code="a">Der kleine Oskar hat ein großes Problem. Er passt in keine Bande hinein. Für die einen sind seine Haare nicht zottig, für die anderen ist das ganze Bürschchen nicht gefährlich genug. Also gründet er seine eigene Bande. Ganz für sich allein. Doch endlich fällt ihm der Kastanienbaum ein. Ein genialer Geheimplatz, die Bande bekommt Zuwachs. - Ein sehr witziges Bilderbuch für coole Kinder (Die besten 7 Bücher für junge Leser, Deutschlandfunk-Bestsellerliste im Juni 2012). Die Wiener Autorin Hula erzählt in kurzen Sätzen, sie spielt mit Worten und dem Rhythmus der Sprache. Ina Hattenhauers lebhafte Bilder erzählen die Geschichte aktiv mit. Gemeinsam lassen sie eine idyllische Welt entstehen, in der Kreativität und Fantasie die höchsten Güter sind. ¢&amp;amp;#x201a;Die beste Bande der Welt&amp;amp;#x2019; (&amp;amp;#x2026;) ist ein Lob der Kindheit &amp;amp;#x2013; und so leicht wie ein vergnügliches Kinderspiel&amp;amp;#x201c;, lobt ZEIT-Autor Franz Lettner. ¢Wenn am Ende alle gemeinsam oben im Kastanienbaum sitzen, steht niemand mehr allein in einer Ecke und langweilt sich. Und wir sind davon überzeugt, dass diese Kinder auch am nächsten Tag wieder schöne Spiele spielen&amp;amp;#x201c; (Luchs Kinder- und Jugendbuchpreis von Radio Bremen und Die Zeit, Mai 2012)</marc:subfield>
   </marc:datafield>
   <marc:datafield ind1=" " ind2=" " tag="020">
      <marc:subfield code="a">9783707450446</marc:subfield>
      <marc:subfield code="9">9783707450446</marc:subfield>
   </marc:datafield>
   <marc:datafield ind1=" " ind2=" " tag="041">
      <marc:subfield code="a">ger</marc:subfield>
   </marc:datafield>
   <marc:datafield ind1=" " ind2=" " tag="300">
      <marc:subfield code="a">circa 36 Seiten</marc:subfield>
   </marc:datafield>
</marc:record>
